[Event "FIDE World Cup"]
[Site "Tbilisi"]
[Date "2017.09.03"]
[Round "1.1"]
[White "Adams, Michael"]
[Black "Batchuluun, Tsegmed"]
[Result "1/2-1/2"]
[WhiteElo "2738"]
[BlackElo "2555"]
[PlyCount "113"]
[EventDate "2017.09.03"]
[EventType "k.o."]
[EventRounds "7"]
[EventCountry "GEO"]
[SourceTitle "CBM 181"]
[Source "ChessBase"]
[SourceDate "2017.11.10"]
[SourceVersion "1"]
[SourceVersionDate "2017.11.10"]
[SourceQuality "1"]

1. e4 e5 2. Nf3 Nc6 3. Bc4 Bc5 4. O-O Nf6 5. d3 d6 6. c3 a6 7. a4 O-O 8. h3 h6
9. Re1 Ba7 10. Nbd2 Nh5 11. Nf1 Qf6 12. Be3 Bxe3 13. Nxe3 Nf4 14. Kh2 Bd7 15.
a5 Rfe8 16. h4 Be6 17. g3 Bxc4 18. dxc4 Ne6 19. b4 Ne7 20. Ra2 Rad8 21. h5 Ng5
22. Nxg5 Qxg5 23. Rd2 f5 24. exf5 Nxf5 25. Qg4 Qxg4 26. Nxg4 Kf7 27. c5 g6 28.
hxg6+ Kxg6 29. cxd6 cxd6 30. Ne3 Nxe3 31. Rxe3 Re6 32. c4 Rc8 33. Re4 Kf5 34.
Rh4 Rc6 35. Kg2 Rg6 36. Kf3 Ke6 37. Rc2 Rf6+ 38. Ke3 d5 39. f3 Rg6 40. Kf2 dxc4
41. Rhxc4 Rxc4 42. Rxc4 Kd5 43. Rc7 b6 44. g4 bxa5 45. bxa5 e4 46. Ke3 exf3 47.
Kxf3 Kd4 48. Kf4 Rf6+ 49. Kg3 Rg6 50. Kh4 Rg5 51. Rc6 Rxa5 52. Rxh6 Ra1 53. g5
a5 54. Ra6 Kc4 55. g6 Rg1 56. Kh5 Kb5 57. Ra8 1/2-1/2

[Event "FIDE World Cup"]
[Site "Tbilisi"]
[Date "2017.09.03"]
[Round "1.1"]
[White "Amin, Bassem"]
[Black "Erdos, Viktor"]
[Result "1/2-1/2"]
[WhiteElo "2680"]
[BlackElo "2628"]
[PlyCount "114"]
[EventDate "2017.09.03"]
[EventType "k.o."]
[EventRounds "7"]
[EventCountry "GEO"]
[SourceTitle "CBM 181"]
[Source "ChessBase"]
[SourceDate "2017.11.10"]
[SourceVersion "1"]
[SourceVersionDate "2017.11.10"]
[SourceQuality "1"]

1. e4 c5 2. Nf3 Nc6 3. Bb5 g6 4. Bxc6 bxc6 5. O-O Bg7 6. Re1 Nf6 7. e5 Nd5 8.
c4 Nc7 9. b3 Ne6 10. Bb2 d6 11. Nc3 Nd4 12. exd6 Qxd6 13. Ne4 Qc7 14. Nxd4 cxd4
15. Ba3 O-O 16. d3 Bf5 17. Ng3 Be6 18. Bc5 Rfe8 19. Rxe6 fxe6 20. Qg4 e5 21. h4
Qc8 22. Qxc8 Rexc8 23. Bxe7 Re8 24. Bd6 Bf8 25. c5 Be7 26. h5 gxh5 27. Ne4 Kf7
28. Bxe5 Bxc5 29. f4 Ba3 30. Kf2 Kg6 31. Rh1 Rxe5 32. fxe5 Re8 33. Rh3 Rxe5 34.
Rg3+ Kf7 35. Ng5+ Ke8 36. Nf3 Rc5 37. Nxd4 Bb2 38. Ne2 Rc2 39. Rg5 Bd4+ 40. Kf3
Bb6 41. a4 Rd2 42. Nf4 Bc7 43. Rxh5 Bxf4 44. Kxf4 Rxg2 45. Rxh7 Rb2 46. Rxa7
Rxb3 47. d4 Kd8 48. Ke5 Rb4 49. a5 Kc8 50. a6 Ra4 51. d5 cxd5 52. Kxd5 Kb8 53.
Rb7+ Ka8 54. Rb6 Ka7 55. Re6 Ra5+ 56. Kc4 Rxa6 57. Rxa6+ Kxa6 1/2-1/2

[Event "FIDE World Cup"]
[Site "Tbilisi"]
[Date "2017.09.03"]
[Round "1.1"]
[White "Andreikin, Dmitry"]
[Black "Goganov, Aleksey"]
[Result "1/2-1/2"]
[WhiteElo "2706"]
[BlackElo "2586"]
[PlyCount "129"]
[EventDate "2017.09.03"]
[EventType "k.o."]
[EventRounds "7"]
[EventCountry "GEO"]
[SourceTitle "CBM 181"]
[Source "ChessBase"]
[SourceDate "2017.11.10"]
[SourceVersion "1"]
[SourceVersionDate "2017.11.10"]
[SourceQuality "1"]

1. d4 d5 2. c4 c6 3. cxd5 cxd5 4. Nc3 Nc6 5. e4 dxe4 6. d5 Nb8 7. Nxe4 Nf6 8.
Nxf6+ exf6 9. Bb5+ Bd7 10. Qe2+ Qe7 11. Be3 Bxb5 12. Qxb5+ Qd7 13. Qb3 Na6 14.
Ne2 Nc5 15. Qc4 Qa4 16. Rc1 Qxc4 17. Rxc4 Nd3+ 18. Kd2 Ne5 19. Rc7 b6 20. Rhc1
Bb4+ 21. Kc2 Bd6 22. Rb7 O-O 23. Kb3 Rfd8 24. Nc3 Ng4 25. Bd4 Nh6 26. Nb5 Nf5
27. Bc3 Bc5 28. Rd1 a6 29. Nc7 Rd7 30. d6 Rad8 31. Bb4 Nxd6 32. Ra7 Bxb4 33.
Kxb4 Nc8 34. Rxd7 Rxd7 35. Rb7 h5 36. a4 Kh7 37. a5 bxa5+ 38. Kxa5 Nd6 39. Ra7
Nc8 40. Rb7 Nd6 41. Ra7 Nc4+ 42. Kxa6 Nxb2 43. Kb5 Nd3 44. f3 h4 45. Kb6 Ne1
46. Kc6 Rd2 47. Nd5 Rxg2 48. f4 Rxh2 49. Rxf7 Re2 50. f5 Kg8 51. Ra7 h3 52.
Ra8+ Kh7 53. Ra3 h2 54. Rh3+ Kg8 55. Nf4 Rc2+ 56. Kd6 Kf7 57. Ng6 Rd2+ 58. Kc7
Rd5 59. Nh8+ Ke8 60. Rxh2 Nf3 61. Re2+ Re5 62. Ra2 Nh4 63. Ra4 Nxf5 64. Ra8+
Ke7 65. Ng6+ 1/2-1/2

[Event "FIDE World Cup"]
[Site "Tbilisi"]
[Date "2017.09.03"]
[Round "1.1"]
[White "Antipov, Mikhail Al"]
[Black "Tomashevsky, Evgeny"]
[Result "1/2-1/2"]
[WhiteElo "2580"]
[BlackElo "2710"]
[PlyCount "30"]
[EventDate "2017.09.03"]
[EventType "k.o."]
[EventRounds "7"]
[EventCountry "GEO"]
[SourceTitle "CBM 181"]
[Source "ChessBase"]
[SourceDate "2017.11.10"]
[SourceVersion "1"]
[SourceVersionDate "2017.11.10"]
[SourceQuality "1"]

1. c4 e6 2. g3 d5 3. Bg2 dxc4 4. Na3 Bxa3 5. Qa4+ Bd7 6. Qxa3 Bc6 7. Nf3 Nd7 8.
Qc3 Ngf6 9. Qxc4 Ne5 10. Nxe5 Bxg2 11. Rg1 Bd5 12. Qa4+ Nd7 13. g4 f6 14. Nxd7
Qxd7 15. Qxd7+ Kxd7 1/2-1/2

[Event "FIDE World Cup"]
[Site "Tbilisi"]
[Date "2017.09.03"]
[Round "1.1"]
[White "Areshchenko, Alexander"]
[Black "Demchenko, Anton"]
[Result "1-0"]
[WhiteElo "2652"]
[BlackElo "2645"]
[PlyCount "151"]
[EventDate "2017.09.03"]
[EventType "k.o."]
[EventRounds "7"]
[EventCountry "GEO"]
[SourceTitle "CBM 181"]
[Source "ChessBase"]
[SourceDate "2017.11.10"]
[SourceVersion "1"]
[SourceVersionDate "2017.11.10"]
[SourceQuality "1"]

1. e4 c5 2. Nf3 d6 3. Bb5+ Nd7 4. O-O Ngf6 5. Re1 a6 6. Bf1 b6 7. c4 Bb7 8. Nc3
e6 9. d4 cxd4 10. Nxd4 Be7 11. f3 O-O 12. Be3 Qc7 13. Rc1 Rac8 14. Qd2 Qb8 15.
b3 Rfe8 16. Kh1 Bd8 17. Bg1 Bc7 18. Nc2 Ne5 19. Rcd1 Red8 20. Qe3 Ng6 21. Qf2
h5 22. Na4 b5 23. Nb6 Bxb6 24. Qxb6 d5 25. exd5 exd5 26. Nb4 dxc4 27. Rxd8+
Rxd8 28. bxc4 bxc4 29. Nxa6 Bxa6 30. Qxa6 c3 31. Qa3 c2 32. Bd3 Nf4 33. Bxc2
Nxg2 34. Rb1 Qc8 35. Rc1 Qh3 36. Rd1 Re8 37. Rd2 Nh4 38. Qd3 Nxf3 39. Re2 Rxe2
40. Qxe2 Nxg1 41. Kxg1 g6 42. Bb3 Qf5 43. Qf2 Qe5 44. Qg3 Qa1+ 45. Kg2 Ng4 46.
Qf4 Qb2+ 47. Kf1 Ne5 48. Qf2 Qb1+ 49. Qe1 Qd3+ 50. Qe2 Qc3 51. Qc2 Qa5 52. Qe4
Kg7 53. Qd4 f6 54. h4 Qb5+ 55. Kf2 Ng4+ 56. Ke1 Qb8 57. Qd7+ Kh6 58. Qd2+ Kg7
59. Qd7+ Kh6 60. Qd2+ g5 61. hxg5+ fxg5 62. Qd4 Ne5 63. Qd5 Qb4+ 64. Ke2 Qg4+
65. Ke3 Qf4+ 66. Ke2 Ng4 67. Qe6+ Nf6 68. a4 g4 69. Qe3 Kg5 70. a5 g3 71. a6
Ne4 72. Qxf4+ Kxf4 73. Kf1 Nd2+ 74. Kg2 h4 75. a7 h3+ 76. Kxh3 1-0

[Event "FIDE World Cup"]
[Site "Tbilisi"]
[Date "2017.09.03"]
[Round "1.1"]
[White "Aronian, Levon"]
[Black "Cawdery, Daniel"]
[Result "1-0"]
[WhiteElo "2799"]
[BlackElo "2449"]
[PlyCount "77"]
[EventDate "2017.09.03"]
[EventType "k.o."]
[EventRounds "7"]
[EventCountry "GEO"]
[SourceTitle "CBM 181"]
[Source "ChessBase"]
[SourceDate "2017.11.10"]
[SourceVersion "1"]
[SourceVersionDate "2017.11.10"]
[SourceQuality "1"]

1. c4 Nf6 2. Nc3 d5 3. cxd5 Nxd5 4. g3 g6 5. Bg2 Nb6 6. d3 Bg7 7. Be3 Nc6 8.
Bxc6+ bxc6 9. Qd2 h6 10. Rc1 Be6 11. Nf3 Bh3 12. Rg1 Bg4 13. Nh4 Nd5 14. Na4
Nxe3 15. fxe3 O-O 16. b3 Qd6 17. Qc2 Rad8 18. Qc5 Qe6 19. Ng2 g5 20. Qxc6 Qe5
21. Qc3 Qd6 22. Qc4 Be6 23. Qc5 Qa6 24. Qb4 Rb8 25. Qd2 Qd6 26. Nc5 Bd5 27. Qc2
f5 28. Kf2 Kh8 29. Rgf1 f4 30. gxf4 gxf4 31. e4 f3 32. exf3 Qxh2 33. Ke1 Bd4
34. Qd2 Bg8 35. Nd7 Rbd8 36. Nxf8 Rxf8 37. Rc6 Kh7 38. Kd1 Bf7 39. Nf4 1-0

[Event "FIDE World Cup"]
[Site "Tbilisi"]
[Date "2017.09.03"]
[Round "1.1"]
[White "Bacallao Alonso, Yusnel"]
[Black "Fedoseev, Vladimir1"]
[Result "1-0"]
[WhiteElo "2573"]
[BlackElo "2731"]
[Annotator "Roiz,M"]
[PlyCount "71"]
[EventDate "2017.09.03"]
[EventType "k.o."]
[EventRounds "7"]
[EventCountry "GEO"]
[SourceTitle "CBM 181"]
[Source "ChessBase"]
[SourceDate "2017.11.10"]
[SourceVersion "1"]
[SourceVersionDate "2017.11.10"]
[SourceQuality "1"]

1. e4 c6 2. Nc3 d5 3. Nf3 Nf6 {Vladimir chooses an ambitious way of handling
the position.} ({The main alternatives are} 3... Bg4 4. h3 Bxf3 5. Qxf3) ({and
} 3... dxe4 4. Nxe4 Nf6) 4. e5 Ne4 5. Ne2 {The e4-knight doesn't have many
squares for retreat, so White prefers not to exchange it.} Qb6 6. d4 e6 7. Ng3
c5 8. c3 ({The other common continuation -} 8. Bd3 Nxg3 9. hxg3 cxd4 10. Ng5 (
10. a3 Nc6 11. b4 Bd7 12. Bf4 h6 13. g4 O-O-O 14. O-O g5 15. Bg3 Be7 $15 {
Solak,D - Eljanov,P Kocaeli TUR 2014}) 10... Nc6 11. Nxh7 Bd7 12. Nf6+ gxf6 13.
Rxh8 O-O-O 14. Kf1 fxe5 {might lead to an extremnely sharp position, where
Black's chances are by no means worse.}) 8... Nc6 9. Bd3 Nxg3 10. hxg3 Bd7 $6
$146 {This innovation definitely doesn't make Black's position more attractive.
} (10... cxd4 11. cxd4 Bd7 {as was seen in almost all the preceding games
looks much safer. For instance,} 12. Kf1 Be7 13. g4 (13. a3 Na5 14. Rb1 Bb5 $11
{Narayanan,S - Fedoseev,V Moscow RUS 2017}) 13... Nb4 14. Bb1 Bb5+ 15. Kg1 Qa6
16. Bg5 h6 17. Bxe7 Kxe7 18. Qd2 Nc6 $132 {Adams,M - Motylev,A Baden-Baden GER
2015}) 11. dxc5 $1 Bxc5 12. Qe2 {In the resulting position Black fails to find
a safe location for his king. Moreover, the d7-bishop is left passive for a
long time.} a5 13. Rh4 $5 {Not the only, but quite an effective way of
extending the initiative on the kingside.} ({Less is offered by} 13. Kf1 h6 14.
Rb1 Na7 $1 $14 {intending to swap the light-squared bishops.}) 13... h6 {
A prophylactic approach.} (13... a4 {was hardly any better:} 14. Rg4 Bf8 15.
Kf1 Qc7 16. Bd2 $16) 14. Rb1 ({White correctly rejects} 14. Rg4 $6 g5 $1 $132 {
and the rook is almost trapped.}) 14... Rf8 ({In the event of} 14... a4 15. Kf1
Na7 16. Nd4 Bxd4 17. Rxd4 Bb5 {Black wouldn't be able to maintain the material
balance:} 18. Bxb5+ Qxb5 19. Qxb5+ Nxb5 20. Rb4 Na7 21. Rxb7 $16) 15. Kf1 {
The Cuban grandmaster is not in a rush - Black's setup lacks any constructive
plan.} Be7 ({Also after} 15... Qc7 16. Kg1 f6 17. exf6 Rxf6 18. Bf4 Bd6 19.
Bxd6 Qxd6 20. Bb5 $16 {White would get full control over the dark squares.})
16. Be3 Bc5 (16... Qc7 17. Rh5 O-O-O 18. Rc1 f6 19. exf6 Rxf6 20. c4 $36) 17.
Bc1 {I guess, Yusnel wasn't going to accept a draw by repetition. This retreat
isn't bad} ({but a more natural way was} 17. Bxc5 Qxc5 18. Kg1 $16) 17... f5 $2
{Vladimir is trying to change the unfavourable course of the game, but he is
only inviting fresh troubles.} 18. exf6 Rxf6 19. b4 $1 {Once the position gets
open, Black's king would be under fire.} axb4 20. cxb4 Bd6 (20... Bxf2 {
runs into} 21. b5 $1 ({But} 21. Qxf2 $6 {is much weaker:} Qxf2+ 22. Kxf2 g5 23.
Rh5 Ne5 24. Be2 Rxa2 {, and Black's pieces are getting very active.}) 21... Ne7
22. Qxf2 Qxf2+ 23. Kxf2 e5 24. Bb2 Rxa2 25. Kg1 e4 26. Bxf6 gxf6 27. Rxh6 exd3
28. Rxf6 $18) 21. Be3 Qc7 22. b5 Ne5 23. Bd4 $18 {The pin on the e5-knight
allows White to obtain a material advantage.} ({Even simpler was} 23. Rc1 $1
Qb8 (23... Nc4 24. Bd4 $18) 24. Bd4 Nxd3 25. Qxd3 $18) 23... Nxd3 (23... Nxf3
24. gxf3 Qd8 25. f4 Kf8 26. Kg2 $18) 24. Bxf6 Nc1 25. Qe3 ({Another
possibility was} 25. Qd1 gxf6 26. Rxc1 Bxb5+ 27. Kg1 Bc4 28. Rxh6 $18) 25...
Ba3 ({After} 25... Ra3 26. Rxc1 Rxe3 27. Rxc7 Bxb5+ 28. Kg1 Bxc7 29. fxe3 gxf6
30. Rxh6 $18 {White should convert his material advantage into a full point
quite easily.}) 26. Bc3 {The rest is just an agony.} ({There was nothing wrong
with} 26. Bxg7 $18 {either.}) 26... Nxa2 27. Bxg7 Qc2 28. Re1 Bc1 29. Qb6 Qg6
30. Qxb7 Rd8 31. Qxd5 Qxg7 32. Qxa2 Rc8 33. Rxe6+ Kf8 34. Re1 Bxb5+ 35. Kg1 Bd7
36. Rc4 {A painful loss for GM Fedoseev. However, he was able to recover and
proceed to the next round.} 1-0

[Event "FIDE World Cup"]
[Site "Tbilisi"]
[Date "2017.09.03"]
[Round "1.1"]
[White "Bachmann, Axel"]
[Black "Dreev, Alexey"]
[Result "0-1"]
[WhiteElo "2648"]
[BlackElo "2648"]
[PlyCount "82"]
[EventDate "2017.09.03"]
[EventType "k.o."]
[EventRounds "7"]
[EventCountry "GEO"]
[SourceTitle "CBM 181"]
[Source "ChessBase"]
[SourceDate "2017.11.10"]
[SourceVersion "1"]
[SourceVersionDate "2017.11.10"]
[SourceQuality "1"]

1. e4 c6 2. d4 d5 3. exd5 cxd5 4. Bd3 Nc6 5. c3 Qc7 6. Ne2 Bg4 7. O-O Nf6 8.
Qe1 g6 9. Bf4 Qb6 10. h3 Bxe2 11. Qxe2 Bg7 12. a4 O-O 13. Re1 Rfe8 14. Na3 Nh5
15. Be3 Qc7 16. Qd2 Rad8 17. Nb5 Qb8 18. Be2 Nf6 19. Bf4 e5 20. dxe5 Ne4 21.
Qe3 Bxe5 22. Bxe5 Rxe5 23. Bf1 Rde8 24. Qf4 Qd8 25. f3 Qb6+ 26. Kh2 Ng5 27.
Rxe5 Rxe5 28. Qg3 Ne6 29. a5 Qe3 30. a6 bxa6 31. f4 Nxf4 32. Rxa6 Qc1 33. Rxc6
Qxf1 34. Rf6 Re1 35. Qxf4 Qg1+ 36. Kg3 Re3+ 37. Kh4 Re4 38. Kg3 Rxf4 39. Rxf4
Qe3+ 40. Rf3 Qe5+ 41. Kf2 Qb8 0-1

[Event "FIDE World Cup"]
[Site "Tbilisi"]
[Date "2017.09.03"]
[Round "1.1"]
[White "Bok, Benjamin"]
[Black "Artemiev, Vladislav"]
[Result "0-1"]
[WhiteElo "2615"]
[BlackElo "2692"]
[PlyCount "120"]
[EventDate "2017.09.03"]
[EventType "k.o."]
[EventRounds "7"]
[EventCountry "GEO"]
[SourceTitle "CBM 181"]
[Source "ChessBase"]
[SourceDate "2017.11.10"]
[SourceVersion "1"]
[SourceVersionDate "2017.11.10"]
[SourceQuality "1"]

1. e4 c5 2. Nf3 e6 3. d4 cxd4 4. Nxd4 Nc6 5. Nc3 a6 6. Nxc6 bxc6 7. Bd3 Qc7 8.
O-O Nf6 9. Qe2 d5 10. b3 Bb7 11. Bb2 Bd6 12. Kh1 e5 13. f4 d4 14. Na4 O-O 15.
c3 c5 16. Rac1 Qe7 17. Nb6 Rad8 18. Nc4 Rfe8 19. cxd4 cxd4 20. f5 Bb4 21. Bb1
Qd7 22. Rfd1 Qc7 23. Qf3 a5 24. a3 Bf8 25. Qe2 h5 26. Bd3 Ba6 27. Re1 Rb8 28.
Nxe5 Qxe5 29. Bxa6 Bd6 30. g3 h4 31. Rcd1 hxg3 32. Bxd4 Qxe4+ 33. Qxe4 Nxe4 34.
Bc4 gxh2 35. Kg2 Ng3 36. Rxe8+ Rxe8 37. Kxh2 Nxf5+ 38. Kg2 Nxd4 39. Rxd4 Bxa3
40. Rd7 Re7 41. Rd8+ Kh7 42. Kf3 g6 43. Ra8 Bb4 44. Rd8 Kg7 45. Kf4 Kf6 46. Ra8
Bd2+ 47. Kf3 Kg5 48. Ra6 f5 49. Rd6 Bb4 50. Ra6 Rd7 51. Ra8 Kf6 52. Re8 Rd6 53.
Rg8 Rd4 54. Ra8 g5 55. Ra6+ Rd6 56. Ra8 g4+ 57. Kg3 Rd2 58. Kf4 Rd4+ 59. Ke3
Bc5 60. Ke2 f4 0-1

[Event "FIDE World Cup"]
[Site "Tbilisi"]
[Date "2017.09.03"]
[Round "1.1"]
[White "Bruzon Batista, Lazaro"]
[Black "Anton Guijarro, David"]
[Result "1-0"]
[WhiteElo "2643"]
[BlackElo "2654"]
[PlyCount "89"]
[EventDate "2017.09.03"]
[EventType "k.o."]
[EventRounds "7"]
[EventCountry "GEO"]
[SourceTitle "CBM 181"]
[Source "ChessBase"]
[SourceDate "2017.11.10"]
[SourceVersion "1"]
[SourceVersionDate "2017.11.10"]
[SourceQuality "1"]

1. e4 e5 2. Nf3 Nc6 3. Bb5 Nf6 4. O-O Nxe4 5. d4 Nd6 6. Bxc6 dxc6 7. dxe5 Nf5
8. Qxd8+ Kxd8 9. Rd1+ Ke8 10. Nc3 Be7 11. Ne2 b6 12. Nf4 Rg8 13. a4 g5 14. Nh5
h6 15. b3 Rg6 16. Bb2 c5 17. Nf6+ Kf8 18. a5 b5 19. Nd5 Rc6 20. e6 Bxe6 21. Ne5
Bxd5 22. Rxd5 Rd6 23. Rxc5 Rad8 24. Rf1 Nd4 25. Bxd4 Rxd4 26. Rxc7 Rd2 27. g3
a6 28. Re1 Rd1 29. Rxd1 Rxd1+ 30. Kg2 Re1 31. Nf3 Re4 32. Rc6 g4 33. Nh4 Re5
34. Rxa6 Kg7 35. Ra7 Bb4 36. a6 Rc5 37. Rb7 Rxc2 38. Nf5+ Kg6 39. Ne3 Ra2 40.
Rb6+ Kg7 41. Nf5+ Kh7 42. Rxh6+ Kg8 43. Rc6 Kh7 44. Ne3 f5 45. Kf1 1-0

[Event "FIDE World Cup"]
[Site "Tbilisi"]
[Date "2017.09.03"]
[Round "1.1"]
[White "Bu, Xiangzhi"]
[Black "Flores, Diego"]
[Result "1-0"]
[WhiteElo "2710"]
[BlackElo "2580"]
[PlyCount "45"]
[EventDate "2017.09.03"]
[EventType "k.o."]
[EventRounds "7"]
[EventCountry "GEO"]
[SourceTitle "CBM 181"]
[Source "ChessBase"]
[SourceDate "2017.11.10"]
[SourceVersion "1"]
[SourceVersionDate "2017.11.10"]
[SourceQuality "1"]

1. Nf3 c5 2. c4 b6 3. Nc3 Bb7 4. e4 d6 5. d4 cxd4 6. Nxd4 Nf6 7. Qe2 Nc6 8.
Nxc6 Bxc6 9. g3 e6 10. Bg2 Be7 11. O-O O-O 12. Rd1 Qc7 13. b3 a6 14. Ba3 Rfd8
15. Rd3 Ne8 16. Rc1 Qa7 17. Bb4 Rac8 18. Qe3 Rd7 19. a4 b5 20. Qxa7 Rxa7 21.
cxb5 axb5 22. Nxb5 Rb7 23. e5 1-0

[Event "FIDE World Cup"]
[Site "Tbilisi"]
[Date "2017.09.03"]
[Round "1.1"]
[White "Carlsen, Magnus"]
[Black "Balogun, Oluwafemi"]
[Result "1-0"]
[WhiteElo "2827"]
[BlackElo "2255"]
[Annotator "Sagar Shah"]
[PlyCount "77"]
[EventDate "2017.09.03"]
[EventType "k.o."]
[EventRounds "7"]
[EventCountry "GEO"]
[SourceTitle "CBM 181"]
[Source "ChessBase"]
[SourceDate "2017.11.10"]
[SourceVersion "1"]
[SourceVersionDate "2017.11.10"]
[SourceQuality "1"]
[TimeControl "40/5400+30:1800+30"]

1. e4 {[%emt 0:00:00]} d6 {[%emt 0:01:19]} 2. d4 {[%emt 0:00:00]} g6 {[%emt 0:
00:29]} 3. Bc4 {[%emt 0:00:50] Magnus goes for something that the opponent
would not have prepared.} Nf6 {[%emt 0:02:38]} 4. Qe2 {[%emt 0:00:12] Mikhail
Tal played this before, Carlsen must know this game as he has adopted similar
plan in his game.} Nc6 {[%emt 0:02:59]} 5. Nf3 {[%emt 0:03:23]} Bg7 {[%emt 0:
04:46]} (5... Bg4 6. Bb5 (6. c3 $14) 6... Nd7 7. c3 e5 8. d5 Ncb8 9. h3 Bxf3
10. Qxf3 Be7 11. g3 Bg5 12. Nd2 h5 13. h4 Bh6 14. Nf1 Bxc1 15. Rxc1 a6 16. Ba4
Kf8 17. Ne3 Nf6 18. O-O Nbd7 19. b4 Kg7 20. Bc2 a5 21. a3 axb4 22. cxb4 Nb6 23.
Ra1 Qd7 24. Rfc1 Ra7 25. Bd3 Rha8 26. Rc3 Na4 27. Rc2 Nb6 28. Rc3 Na4 29. Rc2
Nb6 {1/2-1/2 (29) Tal,M (2625)-Matulovic,M (2525) Skopje 1972}) 6. O-O {
[%emt 0:20:34]} Bg4 {[%emt 0:07:18]} 7. c3 {[%emt 0:01:32] Because White has
not developed his knight to c3, he gets to bolster his centre.} O-O {[%emt 0:
09:31]} 8. h3 {[%emt 0:06:29]} Bxf3 {[%emt 0:06:29]} 9. Qxf3 {[%emt 0:00:35] I
would say such positions are a nightmare against Magnus. Not only does he have
the centre, but also the bishop pair.} e5 {[%emt 0:00:22]} 10. Rd1 {[%emt 0:05:
32]} Qe8 {[%emt 0:08:42][%csl Ge4] Getting away from the rook's fire and
threatening to capture the pawn on e4.} 11. d5 {[%emt 0:11:41][%csl Gc4,Gd5]
[%cal Rc4d5] Shutting down your own bishop is not ideal. However, it closes
the centre and gives White the much needed time to complete his development.
Other choices like Be3 or Nd2 did not work as in both cases one of the central
pawns would fall.} Ne7 {[%emt 0:01:46]} 12. Qe2 $14 {[%emt 0:01:25][%csl Gc1,
Gc4,Gd5,Ge4] The position is similar to the King's Indian Defence but the
major difference is that Black is missing the light-squared bishop which is
usually a very important piece.} Nh5 {[%emt 0:06:07]} 13. Bb5 {[%emt 0:07:30]}
Qc8 {[%emt 0:05:59]} 14. Na3 {[%emt 0:01:29]} a6 {[%emt 0:02:55]} 15. Ba4 {
[%emt 0:01:07]} f5 {[%emt 0:08:06] Good strong play by Balogun. He realises
that he must do something active before White can finish his development.} 16.
Bc2 {[%emt 0:03:53]} f4 $6 {[%emt 0:06:42] Closing the position wasn't the
best idea.} (16... fxe4 $5 {looks more reasonable} 17. Bxe4 Nf6 18. Bf3 Qd7 19.
Bg5 Rae8 $11) 17. Qg4 $1 {[%emt 0:04:09] A really good decision, Black's
threat was to play f3 and shatter White's kingside. Now if Black exchanges
queens then White will have a small edge as he has the bishop pair and if
Black doesn't exchange then White will be in a good position to repel Black's
attack.} Qxg4 {[%emt 0:04:06]} (17... Nf6 18. Qxc8 Rfxc8 $14 {gives White a
small edge like in the game.}) (17... Qd8 $5 {keeping the queens on should
have been preferred.}) 18. hxg4 {[%emt 0:01:14]} Nf6 {[%emt 0:00:10]} 19. g5 {
[%emt 0:00:28]} (19. f3 $6 h5 $1 $11) 19... Nd7 {[%emt 0:04:27]} 20. Nc4 {
[%emt 0:00:07]} b6 {[%emt 0:00:38]} 21. b4 {[%emt 0:00:29] As the kingside is
closed White is in a good position to start his activity on the queenside.} h6
{[%emt 0:01:51]} 22. gxh6 {[%emt 0:01:42]} Bxh6 {[%emt 0:00:55]} 23. g4 $5 {
[%emt 0:01:22]} (23. a4 $14 {was also slightly better for White.}) 23... Nf6 {
[%emt 0:01:09]} 24. f3 {[%emt 0:00:04] The kingside is now under control. Over
to the queenside.} Bg5 {[%emt 0:00:15]} 25. Kg2 {[%emt 0:01:38]} Kg7 {[%emt 0:
01:27]} 26. a4 {[%emt 0:00:54]} Bh4 {[%emt 0:01:43][%cal Gh4g3,Gf8h8] Trying
to create counterplay on the kingside with ...Bg3, ...Rh8 and ...Rh2.} 27. Bd2
{[%emt 0:01:32]} g5 {[%emt 0:00:53]} 28. Rh1 {[%emt 0:03:59]} Ng6 {[%emt 0:02:
05]} 29. Kf1 {[%emt 0:00:44][%cal Gh4g3,Gg6h4] Getting away from the line of
fire as ...Bg3 and ...Nh4 was threatened.} Rh8 {[%emt 0:01:37]} 30. Ke2 {
[%emt 0:00:12]} Bg3 {[%emt 0:00:50]} 31. a5 $1 {[%emt 0:01:16]} b5 $6 {[%emt 0:
00:57]} (31... bxa5 {looks odd but this was the best choice as after} 32. Nxa5
Rh4 $1 33. c4 (33. Nc6 Rah8 {and Black will have control over the h-file and
good counterplay.} 34. Rxh4 gxh4 {[%cal Gh4h2]} 35. c4 h3 $11) 33... Rah8 34.
Rxh4 Nxh4 {[%cal Gh4f3] and now White needs to be careful as ...Nxf3 is a nice
tactical idea hanging in there.} 35. Rg1 $11 (35. c5 $2 {will fail to the nice}
Nxf3 $1 36. Kxf3 Rh2 37. Rf1 Rxd2 $19) 35... Nxf3 {is still possible} 36. Kxf3
Rh2 37. Rg2 Rh3 38. Rg1 Rh2 39. Rg2 $11) 32. Na3 {[%emt 0:00:01] White's plan
is very clear. Play c4, then b5-break and finally get a passed a-pawn.} Ne7 {
[%emt 0:00:56]} 33. c4 {[%emt 0:02:22]} c6 {[%emt 0:00:53]} 34. dxc6 {[%emt 0:
01:03]} Nxc6 {[%emt 0:00:09]} 35. Bc3 $1 {[%emt 0:00:05][%csl Rd4][%cal Rc6d4]}
Rxh1 {[%emt 0:05:35]} 36. Rxh1 {[%emt 0:00:02]} bxc4 {[%emt 0:00:43]} 37. Nxc4
{[%emt 0:00:03] Now it's over.} Rb8 {[%emt 0:01:00]} (37... Rd8 38. Nb6 $18 {
[%cal Gc2d3,Gd3a6]}) 38. Nxd6 {[%emt 0:00:29]} Kg6 {[%emt 0:00:30]} (38... Nxb4
39. Nf5+ Kg6 40. Rh6+ Kf7 41. Bb3+ $18) 39. Nf5 {[%emt 0:00:25] White is in
control and Black's king is close to getting mated. Magnus scored his first
win of the event.} 1-0